00000000nam##2200000za#4500
0019.687672
003CaOODSP
00520210624231100
007cr |||||||||||
008150407|2005||||xxc|||||o    f|0| 0 eng|d
020 |a0-660-19505-4
040 |aCaOODSP|beng
043 |an-cn---
0861 |aCS89-503/2005E-PDF
24500|aWomen in Canada : |h[electronic resource]|ba gender-based statistical report
250 |a5th edition
260 |aOttawa - Ontario : |bStatistics Canada |c2005.
300 |a311p.|bgraphs, tables
5203 |aAnalyzes the situation of Canadian women by exploring their demographic and cultural characteristics, living arrangements, income, labour force activity, health and criminal and victimization characteristics.
590 |a06-11|b2006-03-17
590 |a06-10-Supp|b2006-12-15
69007|aWomen|2gcpds
69007|aStatistics|2gcpds
7102 |aStatistics Canada.
77508|tFemmes au Canada : |w(CaOODSP)9.632115
7760#|tWomen in Canada : |w(CaOODSP)9.649803
85640|ahttp://publications.gc.ca|qPDF|s1169 KB|uhttps://publications.gc.ca/collections/Collection-R/Statcan/89-503-X/0010589-503-XIE.pdf